Modelo estratégico integral basado en el mejoramiento de la calidad de los procesos de servicio al cliente
Salvato in:
| Autore principale: | |
|---|---|
| Altri autori: | , |
| Natura: | Libro |
| Pubblicazione: |
San José, C.R.
1997
|
| Soggetti: | |
| Tags: |
Aggiungi Tag
Nessun Tag, puoi essere il primo ad aggiungerne!!
|
MARC
| LEADER | 00000nam a2200000Ia 4500 | ||
|---|---|---|---|
| 003 | 008362 | ||
| 005 | 20221231144228.0 | ||
| 008 | 140114s1997 cr a m 000 ||s d | ||
| 040 | |c cru CEDI | ||
| 090 | |a TFG 3765 | ||
| 100 | |a Neurohr B., Hans |9 9281 | ||
| 245 | |a Modelo estratégico integral basado en el mejoramiento de la calidad de los procesos de servicio al cliente | ||
| 260 | |c 1997 |a San José, C.R. | ||
| 300 | |a xvi, [284] hojas (algunas plegables) : ilustraciones | ||
| 500 | |a Proyecto de graduación (licenciatura en ingeniería industrial)--Universidad de Costa Rica. Facultad de Ingeniería. Escuela de Ingeniería Industrial | ||
| 650 | |x PLANIFICACION ESTRATEGICA |x SERVICIO AL CLIENTE - CONTROL DE CALIDAD |9 9283 | ||
| 700 | |9 9282 |a Paniagua, Francinia | ||
| 700 | |a Rodríguez, Orlando |9 9284 | ||
| 942 | |c TFG | ||
| 999 | |c 18748 |d 18748 | ||
